10 Random Numbers 1-12 - Blind Ranking - Statistics

General Stats
  • This quiz has been taken 303 times
  • The average score is 6 of 10
Answers on the Map
Answers color-coded by a green-red scale on the quiz's map according to % correct below.
 
Answer Stats
Number % Correct
5
81%
10
67%
6
67%
1
65%
8
65%
4
63%
11
62%
3
62%
2
61%
9
59%
12
56%
7
47%
No matching quizzes found
Score Distribution
Percent of People with Each Score
Percentile by Number Answered
Your Score History
You have not taken this quiz